000 00419nam a2200133Ia 4500
008 100328s9999 xx 000 0 und d
082 _b7139
100 _aवरेरकर भार्गवराम विठ्ठल
245 _aहाच मुलाचा बाप
260 _b---
630 _aहाच मुलाचा बाप
730 _aहाच मुलाचा बाप
942 _cBOOK
999 _c502989
_d502986